000 00524nam a22001457a 4500
005 20241014114517.0
008 241014b |||||||| |||| 00| 0 eng d
040 _cPK-LaUMT
082 _a954.0350924
_bFER-C
100 _aFeroze Khan Noon = فیروز خان نون
_92740
245 _aChasham deed = چشم دید (سابق وزیر اعظم فیروز خان نون کی آپ بیتی) /
_cby Feroze Khan Noon = فیروز خان نون
260 _aLahore :
_bTakhleeqaat,
_c2022
300 _a344 p.
942 _cBK
999 _c135473
_d135473